[Event "Berlin Lichtenberger op 7th"]
[Site "Berlin"]
[Date "2008.08.18"]
[Round "3"]
[White "Schneider, Eckehard"]
[Black "Groeling, Juergen"]
[Result "1/2-1/2"]
[WhiteElo "1802"]
[BlackElo "1950"]
[PlyCount "36"]
[EventDate "2008.08.16"]
[EventType "swiss"]
[EventRounds "9"]
[EventCountry "GER"]
[SourceTitle "CBM 126 Extra"]
[Source "ChessBase"]
[SourceDate "2008.11.05"]
[SourceVersion "1"]
[SourceVersionDate "2008.11.05"]
[SourceQuality "1"]

1. e4 c5 2. c3 Nf6 3. e5 Nd5 4. Nf3 g6 5. d4 cxd4 6. cxd4 Bg7 7. Bc4 Nb6 8. Bb3 Nc6 9. 0-0 d6 10. Ng5 e6 11. f4 d5 12. Nc3 h6 13. Nf3 a6 14. a3 Bd7 15. Bc2 Rc8 16. Rb1 Bf8 17. Kh1 Na5 18. Bd2 Nac4 1/2-1/2

[Event "Berlin Lichtenberger op 7th"]
[Site "Berlin"]
[Date "2008.08.16"]
[Round "1"]
[White "Richter, Michael"]
[Black "Groeling, Juergen"]
[Result "1-0"]
[WhiteElo "2422"]
[BlackElo "1950"]
[PlyCount "45"]
[EventDate "2008.08.16"]
[EventType "swiss"]
[EventRounds "9"]
[EventCountry "GER"]
[SourceTitle "CBM 126 Extra"]
[Source "ChessBase"]
[SourceDate "2008.11.05"]
[SourceVersion "1"]
[SourceVersionDate "2008.11.05"]
[SourceQuality "1"]

1. d4 e6 2. c4 b6 3. Nc3 Bb7 4. a3 f5 5. Nf3 Be7 6. g3 Bxf3 7. exf3 c5 8. dxc5 bxc5 9. Bg2 Nc6 10. 0-0 Rb8 11. f4 Nd4 12. Be3 Nb3 13. Rb1 a6 14. Nb5 axb5 15. Qxb3 b4 16. Rfd1 Nf6 17. axb4 Rxb4 18. Qd3 0-0 19. Bd2 Rb8 20. Bc3 Qc7 21. Be5 d6 22. Bxd6 Rfd8 23. Bxc7 1-0

[Event "Brandenburg-ch Seniors 17th"]
[Site "Rowy"]
[Date "2008.06.25"]
[Round "3"]
[White "Groeling, Juergen"]
[Black "Jackowski, Ryszard"]
[Result "0-1"]
[WhiteElo "1825"]
[BlackElo "1916"]
[PlyCount "70"]
[EventDate "2008.06.23"]
[EventType "swiss"]
[EventRounds "9"]
[EventCountry "POL"]
[SourceTitle "EXT 2022"]
[Source "ChessBase"]
[SourceDate "2021.10.06"]
[SourceVersion "1"]
[SourceVersionDate "2021.10.06"]
[SourceQuality "1"]

1. c4 Nf6 2. d4 g6 3. Nc3 Bg7 4. e4 d6 5. Be2 e5 6. dxe5 dxe5 7. Bg5 Nbd7 8. Qc2 0-0 9. Nf3 c6 10. h3 h6 11. Bh4 Qe7 12. g4 g5 13. Bg3 Re8 14. Nd2 Nh7 15. Nf1 Nc5 16. Ne3 Nf8 17. b4 Nce6 18. Qb3 Nf4 19. Nf5 Bxf5 20. gxf5 Nd7 21. Rd1 Red8 22. a4 b6 23. b5 cxb5 24. axb5 Nc5 25. Qc2 Rxd1+ 26. Kxd1 Rd8+ 27. Nd5 Nxd5 28. cxd5 Bf6 29. Kd2 Nb7 30. Qc3 Nc5 31. Ke3 Rc8 32. Rd1 Qd6 33. f3 Rc7 34. Qb4 Be7 35. Kf2 Nd3+ 0-1

[Event "Brandenburg Seniors op 16th"]
[Site "Rowy"]
[Date "2007.06.25"]
[Round "7"]
[White "Groeling, Juergen"]
[Black "Galicki, Ryszard"]
[Result "0-1"]
[WhiteElo "1944"]
[BlackElo "2043"]
[PlyCount "98"]
[EventDate "2007.06.18"]
[EventType "swiss"]
[EventRounds "9"]
[EventCountry "POL"]
[SourceTitle "EXT 2011"]
[Source "ChessBase"]
[SourceDate "2010.11.26"]
[SourceVersion "1"]
[SourceVersionDate "2010.11.26"]
[SourceQuality "1"]

1. b3 c5 2. e3 e6 3. Bb2 Nf6 4. c4 Be7 5. Nf3 0-0 6. g3 b6 7. Bg2 Bb7 8. 0-0 d6 9. Nc3 Nbd7 10. d4 Ne4 11. Nd2 Nxc3 12. Bxc3 Bxg2 13. Kxg2 f5 14. f4 Nf6 15. a4 a5 16. h3 h5 17. Qf3 d5 18. Rad1 cxd4 19. Bxd4 g6 20. Bxf6 Bxf6 21. cxd5 Qxd5 22. e4 Qb7 23. e5 Qxf3+ 24. Nxf3 Be7 25. Rd7 Rf7 26. Rfd1 Rc8 27. Nd4 Bc5 28. Nxe6 Rxd7 29. Rxd7 Bf8 30. Nxf8 Kxf8 31. Rd6 Rc2+ 32. Kf1 Rc3 33. Rxg6 Rxb3 34. Rf6+ Ke7 35. Rxf5 Rxg3 36. Kf2 Ra3 37. Rxh5 Rxa4 38. f5 Re4 39. f6+ Ke6 40. Kf3 Re1 41. Kf2 Re4 42. Kf3 Rc4 43. Rg5 a4 44. f7 Kxf7 45. e6+ Kxe6 46. Rb5 Rc3+ 47. Kg4 Rb3 48. Rg5 Rb4+ 49. Kg3 Kf6 0-1

[Event "Brandenburg Seniors op 16th"]
[Site "Rowy"]
[Date "2007.06.22"]
[Round "4"]
[White "Troeger, Rainer"]
[Black "Groeling, Juergen"]
[Result "1-0"]
[WhiteElo "2200"]
[BlackElo "1944"]
[PlyCount "71"]
[EventDate "2007.06.18"]
[EventType "swiss"]
[EventRounds "9"]
[EventCountry "POL"]
[SourceTitle "EXT 2011"]
[Source "ChessBase"]
[SourceDate "2010.11.26"]
[SourceVersion "1"]
[SourceVersionDate "2010.11.26"]
[SourceQuality "1"]

1. Nf3 b6 2. g3 Bb7 3. Bg2 e5 4. d3 g6 5. 0-0 Bg7 6. c4 Ne7 7. Nc3 0-0 8. e4 f5 9. exf5 Nxf5 10. Re1 Bxf3 11. Qxf3 Nc6 12. Qg4 Nfd4 13. Bg5 Bf6 14. Bh6 Bg7 15. Bxg7 Kxg7 16. Re4 Ne6 17. Rae1 Qf6 18. f4 h5 19. Qd1 exf4 20. Rxe6 dxe6 21. Bxc6 fxg3 22. Re2 gxh2+ 23. Rxh2 Rad8 24. Be4 Qd4+ 25. Kh1 Rf4 26. Qg1 Qxg1+ 27. Kxg1 Rdf8 28. Rg2 Rf1+ 29. Kh2 R1f2 30. Nb5 Rxg2+ 31. Kxg2 Rf7 32. Nxa7 Kf6 33. Nc6 Rg7 34. a4 g5 35. b4 g4 36. a5 1-0

[Event "Berlin Lichtenberger op 6th"]
[Site "Berlin"]
[Date "2007.??.??"]
[Round "?"]
[White "Bethe, Stephan"]
[Black "Groeling, Juergen"]
[Result "1-0"]
[WhiteElo "2138"]
[BlackElo "1944"]
[PlyCount "65"]
[EventDate "2007.08.18"]
[EventType "swiss"]
[EventRounds "9"]
[EventCountry "GER"]
[SourceTitle "CBM 120 Extra"]
[Source "ChessBase"]
[SourceDate "2007.11.01"]
[SourceVersion "1"]
[SourceVersionDate "2007.11.01"]
[SourceQuality "1"]

1. e4 c5 2. Nf3 e6 3. d4 cxd4 4. Nxd4 a6 5. Bd3 b5 6. 0-0 Bb7 7. a4 b4 8. c4 Nc6 9. Nxc6 Bxc6 10. Nd2 Qc7 11. Qe2 d6 12. f4 Nf6 13. b3 h5 14. Bb2 Be7 15. Rac1 e5 16. c5 Nd7 17. Bxa6 Nxc5 18. Bc4 f6 19. Bb5 Rb8 20. Bxc6+ Qxc6 21. Qc4 Qb6 22. Kh1 Qb7 23. Rf3 h4 24. h3 Rf8 25. Rff1 Kd7 26. Qe2 g6 27. Qg4+ f5 28. Qxg6 Nxe4 29. Nxe4 Qxe4 30. fxe5 Qd5 31. Rfd1 Qxb3 32. Rxd6+ Bxd6 33. Qxd6+ 1-0

[Event "Berlin Lichtenberger op 6th"]
[Site "Berlin"]
[Date "2007.??.??"]
[Round "?"]
[White "Groeling, Juergen"]
[Black "Popp, Michael"]
[Result "1/2-1/2"]
[WhiteElo "1944"]
[BlackElo "2069"]
[PlyCount "54"]
[EventDate "2007.08.18"]
[EventType "swiss"]
[EventRounds "9"]
[EventCountry "GER"]
[SourceTitle "CBM 120 Extra"]
[Source "ChessBase"]
[SourceDate "2007.11.01"]
[SourceVersion "1"]
[SourceVersionDate "2007.11.01"]
[SourceQuality "1"]

1. Nf3 e6 2. g3 d5 3. Bg2 c5 4. 0-0 Nc6 5. c4 d4 6. d3 e5 7. a3 f5 8. b4 cxb4 9. axb4 Bxb4 10. Nxe5 Nxe5 11. Qa4+ Nc6 12. Bxc6+ bxc6 13. Qxb4 Ne7 14. Qc5 0-0 15. Rxa7 Rxa7 16. Qxa7 Ng6 17. Bb2 f4 18. Qxd4 Qxd4 19. Bxd4 f3 20. e3 Bf5 21. e4 Bh3 22. Rd1 Rd8 23. Bc3 Rd6 24. Bb4 Nf4 25. Nc3 Bg2 26. h4 Nh3+ 27. Kh2 Rd8 1/2-1/2

[Event "Berlin op 08"]
[Site "Berlin"]
[Date "2006.08.23"]
[Round "5"]
[White "Groeling, Juergen"]
[Black "Bandsom, Olaf"]
[Result "1/2-1/2"]
[WhiteElo "1800"]
[BlackElo "1689"]
[PlyCount "40"]
[EventDate "2006.08.19"]
[EventType "swiss"]
[EventRounds "9"]
[EventCountry "GER"]
[SourceTitle "EXT 2007"]
[Source "ChessBase"]
[SourceDate "2006.11.23"]
[SourceVersion "1"]
[SourceVersionDate "2006.11.23"]
[SourceQuality "1"]

1. c4 Nf6 2. d4 d5 3. cxd5 Qxd5 4. Nc3 Qa5 5. Bd2 c6 6. Nf3 e6 7. e4 Be7 8. Bd3 Nbd7 9. 0-0 Qd8 10. Rc1 0-0 11. Re1 c5 12. d5 exd5 13. e5 Ne4 14. Nxd5 Nxd2 15. Nxe7+ Qxe7 16. Qxd2 h6 17. Qe3 Re8 18. Rc2 Rb8 19. b4 b6 20. b5 Bb7 1/2-1/2

[Event "Berlin op 08"]
[Site "Berlin"]
[Date "2006.08.21"]
[Round "3"]
[White "Groeling, Juergen"]
[Black "Poeltelt, Helmut"]
[Result "1-0"]
[WhiteElo "1800"]
[BlackElo "1510"]
[PlyCount "59"]
[EventDate "2006.08.19"]
[EventType "swiss"]
[EventRounds "9"]
[EventCountry "GER"]
[SourceTitle "EXT 2007"]
[Source "ChessBase"]
[SourceDate "2006.11.23"]
[SourceVersion "1"]
[SourceVersionDate "2006.11.23"]
[SourceQuality "1"]

1. c4 e5 2. g3 Nc6 3. Bg2 Nf6 4. Nc3 d6 5. Nf3 Be7 6. d4 exd4 7. Nxd4 Nxd4 8. Qxd4 0-0 9. 0-0 Nd7 10. Nd5 Nc5 11. b3 Ne6 12. Qd3 Rb8 13. Bb2 c6 14. Nxe7+ Qxe7 15. Rad1 Rd8 16. f4 Nc5 17. Qd4 f5 18. Rfe1 Be6 19. e4 fxe4 20. Bxe4 Nxe4 21. Rxe4 Qd7 22. Rxe6 d5 23. Rde1 Kf8 24. cxd5 cxd5 25. Qc5+ Kg8 26. Re7 Qd6 27. Rxg7+ Kf8 28. Qxd6+ Rxd6 29. Rxh7 d4 30. Rh8+ 1-0

[Event "Berlin op 08"]
[Site "Berlin"]
[Date "2006.08.20"]
[Round "2"]
[White "Richter, Dirk"]
[Black "Groeling, Juergen"]
[Result "1/2-1/2"]
[WhiteElo "1597"]
[BlackElo "1800"]
[PlyCount "74"]
[EventDate "2006.08.19"]
[EventType "swiss"]
[EventRounds "9"]
[EventCountry "GER"]
[SourceTitle "EXT 2007"]
[Source "ChessBase"]
[SourceDate "2006.11.23"]
[SourceVersion "1"]
[SourceVersionDate "2006.11.23"]
[SourceQuality "1"]

1. e4 c5 2. Nf3 a6 3. c3 d5 4. exd5 Qxd5 5. d4 Nc6 6. dxc5 Qxd1+ 7. Kxd1 Bg4 8. Be2 e5 9. Be3 f5 10. g3 0-0-0+ 11. Nbd2 h6 12. Nh4 Bxe2+ 13. Kxe2 Nge7 14. Nc4 Nd5 15. Nxf5 Nxe3 16. Ncd6+ Bxd6 17. Nxd6+ Rxd6 18. cxd6 Nc4 19. b4 Nxd6 20. a4 Kc7 21. Rhd1 Rf8 22. Rd3 b5 23. axb5 axb5 24. Rad1 Rd8 25. Rd5 Ne4 26. R5d3 g5 27. f3 Nf6 28. Rxd8 Nxd8 29. Ra1 Nd5 30. Kd3 Nb6 31. h4 gxh4 32. gxh4 Nc4 33. Rg1 Ne6 34. Rg8 Nf4+ 35. Ke4 Kd6 36. Rd8+ Ke6 37. Re8+ Kf6 1/2-1/2

[Event "Brandenburg Seniors op 15th"]
[Site "Rowy"]
[Date "2006.06.23"]
[Round "4"]
[White "Heinrich, Klaus1111"]
[Black "Groeling, Juergen"]
[Result "1/2-1/2"]
[WhiteElo "1596"]
[BlackElo "1801"]
[PlyCount "60"]
[EventDate "2006.06.19"]
[EventType "swiss"]
[EventRounds "9"]
[EventCountry "POL"]
[SourceTitle "EXT 2007"]
[Source "ChessBase"]
[SourceDate "2006.11.23"]
[SourceVersion "1"]
[SourceVersionDate "2006.11.23"]
[SourceQuality "1"]

1. d4 b6 2. e4 e6 3. Be3 Bb7 4. f3 d5 5. e5 Nh6 6. Bd3 f5 7. Qd2 Nf7 8. Nh3 Be7 9. f4 c5 10. c3 Nc6 11. Bb5 a6 12. Bxc6+ Bxc6 13. Nf2 a5 14. Nd3 c4 15. Nf2 b5 16. 0-0 h5 17. Qe2 g5 18. Nd2 g4 19. Nd1 a4 20. Kh1 Rb8 21. a3 Kd7 22. Bf2 h4 23. g3 Kc7 24. Ne3 hxg3 25. Bxg3 Bh4 26. Rg1 Bxg3 27. Rxg3 Qh4 28. Rgg1 Rh5 29. Ndf1 Rbh8 30. Rg2 Qe7 1/2-1/2

[Event "Berlin-ch Seniors op 21st"]
[Site "Berlin"]
[Date "2005.02.03"]
[Round "7"]
[White "Schoenemann, Manfred"]
[Black "Groeling, Juergen"]
[Result "1/2-1/2"]
[WhiteElo "1714"]
[BlackElo "1788"]
[PlyCount "43"]
[EventDate "2005.01.28"]
[EventType "swiss"]
[EventRounds "9"]
[EventCountry "GER"]
[SourceTitle "EXT 2007"]
[Source "ChessBase"]
[SourceDate "2006.11.23"]
[SourceVersion "1"]
[SourceVersionDate "2006.11.23"]
[SourceQuality "1"]

1. d4 e6 2. c4 b6 3. Nf3 Bb7 4. g3 f5 5. Bg2 Nf6 6. Nc3 Bb4 7. Bd2 0-0 8. 0-0 a5 9. Qb3 Na6 10. a3 Bxc3 11. Bxc3 Rb8 12. Qa2 Ne4 13. Be1 c5 14. Rd1 Qc7 15. e3 d6 16. b3 Rbd8 17. Qc2 e5 18. dxe5 dxe5 19. Rxd8 Rxd8 20. Nh4 g6 21. g4 Qd7 22. f3 1/2-1/2

[Event "Berlin-ch Seniors op 21st"]
[Site "Berlin"]
[Date "2005.01.28"]
[Round "1"]
[White "Hess, Helmut"]
[Black "Groeling, Juergen"]
[Result "1/2-1/2"]
[WhiteElo "1637"]
[BlackElo "1788"]
[PlyCount "50"]
[EventDate "2005.01.28"]
[EventType "swiss"]
[EventRounds "9"]
[EventCountry "GER"]
[SourceTitle "EXT 2007"]
[Source "ChessBase"]
[SourceDate "2006.11.23"]
[SourceVersion "1"]
[SourceVersionDate "2006.11.23"]
[SourceQuality "1"]

1. f4 b6 2. Nf3 Bb7 3. e3 g6 4. Be2 Bg7 5. 0-0 c5 6. c3 Nf6 7. d4 0-0 8. Qe1 e6 9. Nbd2 Nc6 10. Ne5 cxd4 11. exd4 Qc7 12. Ndf3 d6 13. Nd3 Rac8 14. Be3 Ng4 15. Bf2 e5 16. fxe5 dxe5 17. Nfxe5 Nxh2 18. Kxh2 f6 19. Bg3 fxe5 20. Rxf8+ Rxf8 21. Nxe5 Nxe5 22. dxe5 Bxe5 23. Bc4+ Qxc4 24. Qxe5 Qc6 25. Qe2 Re8 1/2-1/2

[Event "Berlin Lichtenberger Sommer 3th"]
[Site "Berlin"]
[Date "2004.08.22"]
[Round "8.37"]
[White "Brameyer, Hermann"]
[Black "Groeling, Juergen"]
[Result "1-0"]
[WhiteElo "2204"]
[BlackElo "1859"]
[PlyCount "51"]
[EventDate "2004.08.14"]
[EventType "swiss"]
[EventRounds "9"]
[EventCountry "GER"]
[SourceTitle "EXT 2022"]
[Source "ChessBase"]
[SourceDate "2021.10.06"]
[SourceVersion "1"]
[SourceVersionDate "2021.10.06"]
[SourceQuality "1"]

1. d4 e6 2. Nf3 c5 3. e3 Nf6 4. Bd3 d5 5. b3 cxd4 6. exd4 Nc6 7. 0-0 Bd6 8. Nbd2 0-0 9. Bb2 a5 10. a3 b6 11. Ne5 Bxe5 12. dxe5 Nd7 13. Qh5 g6 14. Qe2 Nc5 15. Rfe1 Nxd3 16. Qxd3 Ba6 17. Qh3 h5 18. Nf3 Re8 19. Rad1 b5 20. g4 hxg4 21. Qxg4 Ne7 22. Bc1 Kg7 23. Bg5 Rh8 24. Bf6+ Kg8 25. Bxh8 Kxh8 26. Qh4+ 1-0

[Event "Brandenburg Seniors op 13th"]
[Site "Rowy"]
[Date "2004.06.29"]
[Round "8"]
[White "Fiedler, Wolfgang2222"]
[Black "Groeling, Juergen"]
[Result "1/2-1/2"]
[WhiteElo "1791"]
[BlackElo "1806"]
[PlyCount "87"]
[EventDate "2004.06.21"]
[EventType "swiss"]
[EventRounds "9"]
[EventCountry "POL"]
[SourceTitle "EXT 2006"]
[Source "ChessBase"]
[SourceDate "2005.11.24"]
[SourceVersion "1"]
[SourceVersionDate "2005.11.24"]
[SourceQuality "1"]

1. d4 b6 2. e3 e6 3. f4 Nf6 4. Nf3 c5 5. c3 Be7 6. Bd3 Ba6 7. 0-0 Bxd3 8. Qxd3 d5 9. Bd2 0-0 10. Be1 Ne4 11. Nfd2 f5 12. Nxe4 fxe4 13. Qe2 Nc6 14. Nd2 cxd4 15. exd4 Rc8 16. Rf2 Bh4 17. g3 Bf6 18. Nf1 Rc7 19. Ne3 g6 20. Bd2 Bg7 21. Qg4 Qf6 22. Raf1 Ne7 23. Kg2 h5 24. Qe2 Nf5 25. Nxf5 exf5 26. Be3 Rfc8 27. h3 Qc6 28. a3 Bf6 29. Kh2 b5 30. Rg2 Rh7 31. Rfg1 Kf7 32. Kh1 a5 33. Rh2 Qc4 34. Qf2 Rch8 35. Qe2 Qb3 36. Qc2 Qxc2 37. Rxc2 Rc8 38. b3 Be7 39. Bc1 Rc6 40. h4 Rh8 41. Bb2 Rhc8 42. Rgc1 Bf6 43. Rd2 Be7 44. Rdd1 1/2-1/2

[Event "Brandenburg Seniors op 13th"]
[Site "Rowy"]
[Date "2004.06.25"]
[Round "4"]
[White "Bade, Heidrun"]
[Black "Groeling, Juergen"]
[Result "1/2-1/2"]
[WhiteElo "1756"]
[BlackElo "1806"]
[PlyCount "39"]
[EventDate "2004.06.21"]
[EventType "swiss"]
[EventRounds "9"]
[EventCountry "POL"]
[SourceTitle "EXT 2006"]
[Source "ChessBase"]
[SourceDate "2005.11.24"]
[SourceVersion "1"]
[SourceVersionDate "2005.11.24"]
[SourceQuality "1"]

1. e4 c5 2. d4 cxd4 3. Qxd4 Nc6 4. Qd1 Nf6 5. Nc3 e6 6. Nf3 Bb4 7. Bd3 d5 8. exd5 Nxd5 9. Bd2 Nxc3 10. bxc3 Be7 11. 0-0 0-0 12. Qe1 g6 13. a4 Re8 14. Qe4 Qd5 15. Qxd5 exd5 16. Rfe1 Be6 17. Rab1 b6 18. Bb5 Rec8 19. Ba6 Bf6 20. Bxc8 1/2-1/2

[Event "Brandenburg Seniors op 13th"]
[Site "Rowy"]
[Date "2004.06.21"]
[Round "1"]
[White "Groeling, Juergen"]
[Black "Schmidt, Roland"]
[Result "1/2-1/2"]
[WhiteElo "1806"]
[BlackElo "1588"]
[PlyCount "71"]
[EventDate "2004.06.21"]
[EventType "swiss"]
[EventRounds "9"]
[EventCountry "POL"]
[SourceTitle "EXT 2006"]
[Source "ChessBase"]
[SourceDate "2005.11.24"]
[SourceVersion "1"]
[SourceVersionDate "2005.11.24"]
[SourceQuality "1"]

1. c4 f5 2. g3 e6 3. Bg2 c6 4. Nf3 d5 5. Qc2 Nf6 6. b3 Be7 7. Bb2 0-0 8. 0-0 Ne4 9. d3 Ng5 10. Nbd2 Nxf3+ 11. Nxf3 Bf6 12. Rfe1 Bxb2 13. Qxb2 Nd7 14. Rad1 Nf6 15. e4 f4 16. e5 Ng4 17. h3 Nh6 18. g4 Nf7 19. cxd5 cxd5 20. d4 Bd7 21. Bf1 Ng5 22. Nxg5 Qxg5 23. f3 Rac8 24. Rc1 Qh4 25. Qf2 Qe7 26. Qd2 Qh4 27. Qf2 Qe7 28. Bd3 Qb4 29. Qb2 Qe7 30. Kg2 Qh4 31. Qf2 Qe7 32. Red1 Qa3 33. Rc2 Rxc2 34. Qxc2 Rc8 35. Bxh7+ Kh8 36. Qb1 1/2-1/2